European Championship Group Stage Goalscorers 2024 - Statistics

General Stats
  • This quiz has been taken 11 times
  • The average score is 47 of 81
Answer Stats
Group Nation Score Player % Correct
B Spain 1-0 Alvaro Morata
91%
A Germany (OG) 4-1 Antonio Rudiger
91%
D Netherlands 1-1 Cody Gakpo
91%
D Netherlands 1-1 Cody Gakpo
91%
A Germany 5-1 Emre Can
91%
A Germany 1-0 Florian Wirtz
91%
C England 1-0 Harry Kane
91%
A Germany 2-0 Jamal Musiala
91%
A Germany 1-0 Jamal Musiala
91%
A Germany 3-0 Kai Havertz
91%
D France 1-0 Kylian Mbappe
91%
A Germany 4-0 Niclas Fullkrug
91%
A Germany 1-1 Niclas Fullkrug
91%
A Switzerland 3-1 Breel Embolo
82%
C Denmark 1-0 Christian Eriksen
82%
F Georgia 1-1 Georges Mikautadze
82%
F Georgia 1-0 Georges Mikautadze
82%
F Georgia 2-0 Georges Mikautadze
82%
C England 1-0 Jude Bellingham
82%
E Belgium 2-0 Kevin De Bruyne
82%
B Croatia 1-0 Luka Modric
82%
D Austria 3-1 Marko Arnautovic
82%
B Italy 2-1 Nicolo Barella
82%
B Croatia 1-1 Andrej Kramaric
73%
F Turkey 2-1 Arda Guler
73%
B Spain 3-0 Daniel Carvajal
73%
B Spain 1-0 Ferran Torres
73%
A Germany 2-0 Ilkay Gundogan
73%
E Slovakia 1-0 Ivan Schranz
73%
E Slovakia 1-0 Ivan Schranz
73%
D Austria 3-2 Marcel Sabitzer
73%
D Poland 1-1 Robert Lewandowski
73%
A Switzerland 1-1 Xherdan Shaqiri
73%
B Spain 2-0 Fabian
64%
F Turkey 1-0 Hakan Calhanoglu
64%
A Switzerland 1-0 Kwadwo Duah
64%
C Serbia 1-1 Luka Jovic
64%
A Switzerland 2-0 Michel Aebischer
64%
A Scotland 1-0 Scott McTominay
64%
F Czech Republic 1-1 Tomas Soucek
64%
D Netherlands 2-1 Wout Weghorst
64%
E Belgium 1-0 Youri Tielemans
64%
D Poland 1-0 Adam Buksa
55%
B Italy 1-1 Alessandro Bastoni
55%
A Hungary 2-1 Barnabas Varga
55%
F Portugal 3-0 Bruno Fernandes
55%
D Netherlands (OG) 1-0 Donyell Malen
55%
F Portugal 2-1 Francisco Conceicao
55%
D Austria (OG) 1-0 Maximilian Wober
55%
C Denmark 1-1 Morten Hjulmand
55%
B Italy (OG) 1-0 Riccardo Calafiori
55%
F Portugal 1-0 Bernardo Silva
45%
D Austria 2-1 Christoph Baumgartner
45%
A Switzerland 1-0 Dan Ndoye
45%
B Italy 1-1 Mattia Zaccagni
45%
F Turkey 1-0 Mert Muldur
45%
B Albania 1-0 Nedim Bajrami
45%
F Czech Republic 1-1 Patrik Schick
45%
E Ukraine 2-1 Roman Yaremchuk
45%
F Georgia 1-0 Khvicha Kvaratskhelia
36%
D Poland 1-1 Krzysztof Piatek
36%
D Netherlands 2-2 Memphis Depay
36%
F Turkey 3-1 Muhammed Akturkoglu
36%
E Romania 1-0 Nicolae Stanciu
36%
F Turkey 2-1 Cenk Tosun
27%
C Slovenia 1-1 Erik Janza
27%
D Austria 1-0 Gernot Trauner
27%
A Hungary 1-0 Kevin Csoboth
27%
B Albania (OG) 2-1 Klaus Gjasula
27%
B Albania 2-2 Klaus Gjasula
27%
B Albania 1-0 Qazim Laci
27%
C Slovenia 1-0 Zan Karnicnik
27%
E Romania 3-0 Denis Dragus
18%
F Czech Republic 1-0 Lukas Provod
18%
E Slovakia 1-0 Ondrej Duda
18%
E Romania 2-0 Razvan Marin
18%
E Romania 1-1 Razvan Marin
18%
F Czech Republic (OG) 1-1 Robin Hranac
18%
F Turkey (OG) 2-0 Samet Akaydin
18%
E Ukraine 1-1 Mykola Shaparenko
9%
D Austria 2-1 Romano Schmid
9%
No matching quizzes found
Score Distribution
Percent of People with Each Score
Percentile by Number Answered
Your Score History
You have not taken this quiz